सिंधिया राजघराना; (Record no. 206068)

MARC details
000 -LEADER
fixed length control field 01019nam a22002057a 4500
005 - DATE AND TIME OF LATEST TRANSACTION
control field 20241004120950.0
010 ## - LCCN (DPL NO)
LC control number HIN-128524
020 ## - INTERNATIONAL STANDARD BOOK NUMBER
International Standard Book Number 9789355431219
Terms of availability 399.00
035 ## - SYSTEM CONTROL NUMBER
System control number HN-100870
037 ## - SOURCE OF ACQUISITION
Source of stock number/acquisition DBAD
082 ## - DEWEY DECIMAL CLASSIFICATION NUMBER
Classification number 921
100 ## - MAIN ENTRY--PERSONAL NAME
Personal name किदवई, रशीद
245 ## - TITLE STATEMENT
Title सिंधिया राजघराना;
Remainder of title सत्ता, राजनीति और षडयंत्रों की महगाथा/
Statement of responsibility, etc रशीद किदवई; जयजीत अकलेचा द्वारा अनुवादित
246 ## - VARYING FORM OF TITLE
Title proper/short title The House of Scindias- A Saga of Power, Politics and Intrigue
260 ## - PUBLICATION, DISTRIBUTION, ETC. (IMPRINT)
Place of publication, distribution, etc नोएडा, उ. प्र.
Name of publisher, distributor, etc मंजुल पब्लिशिंग हाउस
Date of publication, distribution, etc 2022
270 ## - ADDRESS
Address सी-16,सेक्टर 3
City नोएडा, उ. प्र.
Postal code 201301
300 ## - PHYSICAL DESCRIPTION
Extent 210 पृ.
Dimensions 22 सेमी (अजिल्द)
700 ## - ADDED ENTRY--PERSONAL NAME
Personal name अकलेचा, जयजीत
9 (RLIN) 72296
942 ## - ADDED ENTRY ELEMENTS (KOHA)
Item type Hindi Books
Source of classification or shelving scheme Dewey Decimal Classification
Classification part 921
Call number suffix किदव
Holdings
Withdrawn status Lost status Not for loan Collection code Home library Current library Date acquired Source of acquisition Cost, normal purchase price Full call number Barcode Copy number Cost, replacement price Koha item type
      Non-fiction Vinoba Puri Vinoba Puri 01/10/2024 DBAD 399.00 921 किदव HN-100870 1 399.00 Hindi Books

© Delhi Public Library
Hit Counter
free hit counter